Statistics for The Bean Quiz

Click here to take the quiz!

General Stats

  • This quiz has been taken 34 times
  • The average score is 12 of 20

Answer Stats

HintAnswer% Correct
Bean named or its resemblance to a human organ{Kidney} Bean
90%
Popular caffeinated drink which comes from a "bean"Coffee
87%
Person who climbed a colossal beanstalk in a fairy taleJack
83%
Sitcom character played by Rowan AtkinsonMr. Bean
77%
Type of chair that looks like a large sack{Bean Bag} Chair
73%
Third most valuable crop in the world{Soy}bean
73%
Family that beans belong to, along with lentils, peanuts, alfalfa, and other plantsLegume
70%
South American city that is a bean's namesakeLima
67%
City known as "Bean Town"Boston
60%
Moth egg famous for jumping around, not actually a bean{Mexican} Jumping Bean
53%
A portrait of this president made of jelly beans hangs in his Presidential libraryRonald Reagan
53%
Alternate, yet similar, name for the Cocoa Bean{Cacao} Bean
47%
Maine company famous for outdoor clothing and equipmentL.L.Bean
47%
Another name for Chickpea{Garbanzo} Bean
43%
This man used beans and peas to study laws of inheritanceGregor Mendel
43%
Largest producer of Jelly beans in the worldJelly Belly
43%
Most popular bean in the United States{Pinto} Bean
40%
Most popular flavor of jelly beanVery {Cherry}
40%
Spanish for "Beans"Frijoles
37%
Country that produces the most vanilla beansMadagascar
30%

Score Distribution

Percentile by Number Answered

Percent of People with Each Score

Your Score History

You have not taken this quiz